The London plan : the big solution? (Record no. 101799)
[ view plain ]
| 000 -LEADER | |
|---|---|
| fixed length control field | 00896cam a2200289 4500 |
| 001 - CONTROL NUMBER | |
| control field | J115918 |
| 008 - FIXED-LENGTH DATA ELEMENTS--GENERAL INFORMATION | |
| fixed length control field | 011207n2001 000 0 eng u |
| 035 ## - SYSTEM CONTROL NUMBER | |
| System control number | (Sirsi) u115918 |
| 050 ## - LIBRARY OF CONGRESS CALL NUMBER | |
| Classification number | 711.409421 |
| 110 ## - MAIN ENTRY--CORPORATE NAME | |
| Corporate name or jurisdiction name as entry element | Royal Institution of Chartered Surveyors |
| Subordinate unit | London Region |
| 9 (RLIN) | 4175 |
| 245 #4 - TITLE STATEMENT | |
| Title | The London plan : the big solution? |
| 260 ## - PUBLICATION, DISTRIBUTION, ETC. | |
| Place of publication, distribution, etc. | London |
| Name of publisher, distributor, etc. | RICS |
| Date of publication, distribution, etc. | 2001 |
| 300 ## - PHYSICAL DESCRIPTION | |
| Extent | 17p. |
| Dimensions | 30cm. |
| 520 ## - SUMMARY, ETC. | |
| Summary, etc. | Comments on the initial proposals for the Mayor's London plan and sets out the RICS vision for London. |
| 650 ## - SUBJECT ADDED ENTRY--TOPICAL TERM | |
| Topical term or geographic name entry element | GROWTH |
| 650 ## - SUBJECT ADDED ENTRY--TOPICAL TERM | |
| Topical term or geographic name entry element | HOUSING |
| 650 ## - SUBJECT ADDED ENTRY--TOPICAL TERM | |
| Topical term or geographic name entry element | Infrastructure |
| 9 (RLIN) | 6246 |
| 650 ## - SUBJECT ADDED ENTRY--TOPICAL TERM | |
| Topical term or geographic name entry element | LONDON |
| 650 ## - SUBJECT ADDED ENTRY--TOPICAL TERM | |
| Topical term or geographic name entry element | MAYOR OF LONDON |
| 650 ## - SUBJECT ADDED ENTRY--TOPICAL TERM | |
| Topical term or geographic name entry element | TRAMS |
| 650 ## - SUBJECT ADDED ENTRY--TOPICAL TERM | |
| Topical term or geographic name entry element | TRANSPORT DEVELOPMENT AREAS |
| 650 ## - SUBJECT ADDED ENTRY--TOPICAL TERM | |
| Topical term or geographic name entry element | URBAN ENVIRONMENT |
| 650 ## - SUBJECT ADDED ENTRY--TOPICAL TERM | |
| Topical term or geographic name entry element | URBAN REGENERATION |
| 690 ## - LOCAL SUBJECT ADDED ENTRY--TOPICAL TERM (OCLC, RLIN) | |
| Topical term or geographic name as entry element | DEVELOPMENT-SUSTAINABLE |
| 710 ## - ADDED ENTRY--CORPORATE NAME | |
| Corporate name or jurisdiction name as entry element | Royal Institution of Chartered Surveyors |
| 9 (RLIN) | 4900 |
| 942 ## - ADDED ENTRY ELEMENTS (KOHA) | |
| Suppress in OPAC | 0 |
| Withdrawn status | Lost status | Source of classification or shelving scheme | Damaged status | Not for loan | Home library | Current library | Shelving location | Date acquired | Total Checkouts | Full call number | Barcode | Date last seen | Copy number | Price effective from | Koha item type | Date last checked out |
|---|---|---|---|---|---|---|---|---|---|---|---|---|---|---|---|---|
| Dewey Decimal Classification | London | London | RICS Boxes | 07/12/2001 | RICS 2001/53 | 30065160 | 06/08/2019 | 1 | 06/08/2019 | Archive | ||||||
| Dewey Decimal Classification | London | London | RICS Boxes | 07/12/2001 | RICS 2001/53 | 30065161 | 06/08/2019 | 2 | 06/08/2019 | Book | ||||||
| Dewey Decimal Classification | London | London | RICS Boxes | 07/12/2001 | 5 | RICS 2001/53 | 30065162 | 06/08/2019 | 3 | 06/08/2019 | Book | 22/11/2004 |